000 00493nam a2200181Ia 4500
005 20250508150925.0
008 008 250505s9999 xx 000 0 hin d
037 _aTextual
040 _aFEDL
_beng
_cFEDL
041 _ahin
_2hin
084 _a891.43, ASH
_qFEDL
100 _aAshak
_9757961
245 0 _aUrdu kavya ke ek nai dhara
260 _aAllahabad, India
_bHindustani Academy
_c1991
300 _a254p.
942 _cTEXL
_h891.43, ASH
999 _c1326508
_d1326508